More random walks in science: an anthology

Uloženo v:
Podrobná bibliografie
Hlavní autor: Weber, Robert L (Autor)
Médium: Kniha
Jazyk:angličtina
Vydáno: Bristol Institute of Physics 1982
Vydání:1a. ed
Témata:
Tagy: Přidat tag
Žádné tagy, Buďte první, kdo vytvoří štítek k tomuto záznamu!

MARC

LEADER 00000cam a2200000 a 4500
001 UCE3906
003 CL-VaPUC
008 141003e19820000uk |||||||||||||||||eng|d
020 |a 0854980407 
082 0 4 |a 501  |b WEB  |2 21 
100 0 |a Weber, Robert L  |e author  |9 576427 
245 1 0 |a More random walks in science: an anthology 
250 |a 1a. ed 
300 |a 208 p 
942 |c BK 
945 |d 20141003 14:17:00  |a arojas 
260 |a Bristol  |b Institute of Physics  |c 1982 
650 0 |a Ciencia  |9 255691 
650 0 |a Antologías  |9 309836 
583 |a last modification  |c 20141003 14:17:00  |k Rodrigo Vera 
999 |c 357023  |d 357021